| 000 | 00881cam a2200313 a 4500 | ||
|---|---|---|---|
| 001 | 466023 | ||
| 003 | ARRUPE | ||
| 005 | 20160413084557.0 | ||
| 008 | 860114s1985 enk b 001 0 eng | ||
| 010 | _a 86125629 | ||
| 020 |
_a0745300995 (pbk.) : _c£4.95 |
||
| 035 | _a(OCoLC)15628804 | ||
| 035 | _a(OCoLC)ocm15628804 | ||
| 035 | _a(CStRLIN)NYCG86-B4293 | ||
| 035 | _a(NNC)466023 | ||
| 040 | _cArrupe | ||
| 050 | 0 |
_aPN1994 _b.P654 1985 |
|
| 082 | 0 |
_a791.43/0941 _219 |
|
| 090 |
_aPN1994 _b.P654 1985 |
||
| 100 | 1 |
_aPorter, Vincent. _923724 |
|
| 245 | 1 | 0 |
_aOn cinema / _cVincent Porter. |
| 260 |
_aLondon : _bPluto Press, _c1985. |
||
| 300 |
_a149 p. ; _c20 cm. |
||
| 500 | _aIncludes index. | ||
| 504 | _aBibliography: p. [142]-144. | ||
| 650 | 0 |
_aMoving-picture industry _xPolitical aspects _zGreat Britain _923725 |
|
| 942 |
_2lcc _cMONOGRAPH |
||
| 999 |
_c124586 _d124586 |
||